Name Dropping #5: U.S. Presidents - Statistics

General Stats
  • This quiz has been taken 164 times
  • The average score is 34 of 45
Answer Stats
Hint Extra Hint Answer % Correct
John F. 1961-1963 Kennedy
91%
George H. W. 1989-1993 Bush
89%
Bill 1993-2001 Clinton
89%
Ronald 1981-1989 Reagan
89%
Joe 2021-2025 Biden
88%
Lyndon 1963-1969 Johnson
88%
Franklin D. 1933-1945 Roosevelt
88%
Harry 1945-1953 Truman
88%
George W. 2001-2009 Bush
87%
Dwight 1953-1961 Eisenhower
87%
Abraham 1861-1865 Lincoln
87%
Barack 2009-2017 Obama
87%
Theodore 1901-1909 Roosevelt
87%
Ulysses 1869-1877 Grant
86%
Herbert 1929-1933 Hoover
86%
Woodrow 1913-1921 Wilson
86%
Richard 1969-1974 Nixon
85%
Donald 2017-2021, 2025– Trump
85%
John Quincy 1825-1829 Adams
84%
Jimmy 1977-1981 Carter
84%
Grover 1885-1889, 1893-1897 Cleveland
83%
Thomas 1801-1809 Jefferson
83%
George 1789-1797 Washington
83%
Gerald 1974-1977 Ford
82%
Calvin 1923-1929 Coolidge
80%
Rutherford 1877-1881 Hayes
79%
James K. 1845-1849 Polk
77%
Millard 1850-1853 Fillmore
73%
William Howard 1909-1913 Taft
73%
Warren 1921-1923 Harding
72%
Martin 1837-1841 Van Buren
72%
Zachary 1849-1850 Taylor
71%
John 1797-1801 Adams
69%
Chester 1881-1885 Arthur
68%
William Henry 1841 Harrison
68%
Andrew 1829-1837 Jackson
64%
Benjamin 1889-1893 Harrison
61%
William 1897-1901 McKinley
55%
Andrew 1865-1869 Johnson
51%
John 1841-1845 Tyler
48%
James 1809-1817 Madison
46%
Franklin 1853-1857 Pierce
46%
James A. 1881 Garfield
44%
James 1857-1861 Buchanan
40%
James 1817-1825 Monroe
29%
No matching quizzes found
Score Distribution
Percent of People with Each Score
Percentile by Number Answered
Your Score History
You have not taken this quiz